[Event "GER-ch U12"]
[Site "Oberhof"]
[Date "2010.05.28"]
[Round "9"]
[White "Brandl, Lea Maria"]
[Black "Samietz, Jannick"]
[Result "0-1"]
[WhiteElo "1529"]
[BlackElo "1362"]
[PlyCount "54"]
[EventDate "2010.05.22"]
[EventType "swiss"]
[EventRounds "11"]
[EventCountry "GER"]
[SourceTitle "CBM 136 Extra"]
[Source "ChessBase"]
[SourceDate "2010.07.02"]
[SourceVersion "2"]
[SourceVersionDate "2010.07.15"]
[SourceQuality "1"]

1. d4 Nf6 2. c4 g6 3. Nc3 Bg7 4. e4 d6 5. Nf3 0-0 6. Be2 e5 7. d5 Nbd7 8. 0-0 Ne8 9. Nd2 f5 10. b4 f4 11. Nb3 g5 12. c5 Ndf6 13. f3 h5 14. Bd2 Rf7 15. a4 Bf8 16. a5 Rg7 17. Be1 g4 18. Bh4 Be7 19. Rc1 Kh8 20. Na4 Nxd5 21. Bxe7 Nxe7 22. cxd6 cxd6 23. Nac5 b6 24. Nd3 Ng8 25. Nxe5 g3 26. hxg3 fxg3 27. Nc6 Qh4 0-1

[Event "GER-ch U12"]
[Site "Oberhof"]
[Date "2010.05.27"]
[Round "8"]
[White "Samietz, Jannick"]
[Black "Zahn, Alina"]
[Result "0-1"]
[WhiteElo "1362"]
[BlackElo "1550"]
[PlyCount "118"]
[EventDate "2010.05.22"]
[EventType "swiss"]
[EventRounds "11"]
[EventCountry "GER"]
[SourceTitle "CBM 136 Extra"]
[Source "ChessBase"]
[SourceDate "2010.07.02"]
[SourceVersion "2"]
[SourceVersionDate "2010.07.15"]
[SourceQuality "1"]

1. d4 d5 2. c4 e6 3. Nc3 Nf6 4. Bg5 Nbd7 5. e3 Be7 6. Nf3 0-0 7. Bd3 dxc4 8. Bxc4 b6 9. Qb3 Bb7 10. 0-0-0 a6 11. Ne5 b5 12. Bxe6 fxe6 13. Qxe6+ Kh8 14. Nxd7 Qxd7 15. Qxd7 Nxd7 16. Bxe7 Rxf2 17. e4 Re8 18. Bh4 Rxg2 19. e5 Rg4 20. d5 Rxh4 21. e6 Nf6 22. Rhe1 Rh5 23. d6 cxd6 24. Rxd6 b4 25. Na4 Rd5 26. Rb6 Rb5 27. Rd6 Ne4 28. Rd7 h6 29. e7 Kg8 30. Rf1 Nf6 31. Rc7 Kf7 32. Nc5 Rxe7 33. Rxe7+ Kxe7 34. Re1+ Kf7 35. Nd3 Kf8 36. Nf4 Be4 37. Kd2 g5 38. Nd3 Rd5 39. Re3 Kg7 40. h3 Kg6 41. Ke2 Bxd3+ 42. Rxd3 Rxd3 43. Kxd3 Kh5 44. Kc4 g4 45. hxg4+ Kxg4 46. Kxb4 h5 47. Ka5 h4 48. Kxa6 h3 49. b4 h2 50. a4 h1Q 51. b5 Qa8+ 52. Kb6 Qxa4 53. Kc6 Qc4+ 54. Kb6 Nd5+ 55. Ka5 Nc7 56. Kb6 Qxb5+ 57. Ka7 Ne6 58. Ka8 Nc5 59. Ka7 Qb7# 0-1

[Event "GER-ch U12"]
[Site "Oberhof"]
[Date "2010.05.25"]
[Round "5"]
[White "Scholz, Robert"]
[Black "Samietz, Jannick"]
[Result "0-1"]
[WhiteElo "1599"]
[BlackElo "1362"]
[PlyCount "86"]
[EventDate "2010.05.22"]
[EventType "swiss"]
[EventRounds "11"]
[EventCountry "GER"]
[SourceTitle "CBM 136 Extra"]
[Source "ChessBase"]
[SourceDate "2010.07.02"]
[SourceVersion "2"]
[SourceVersionDate "2010.07.15"]
[SourceQuality "1"]

1. e4 d5 2. exd5 Qxd5 3. Nc3 Qd6 4. d4 Nf6 5. h3 c6 6. Nf3 e6 7. Bd3 Nbd7 8. 0-0 Be7 9. Re1 0-0 10. a3 g6 11. Bh6 Re8 12. Qd2 Bf8 13. Bxf8 Qxf8 14. Re2 Nb6 15. Nd1 Bd7 16. Ne3 Nbd5 17. Ng4 Nxg4 18. hxg4 f5 19. Ne5 Rad8 20. g5 f4 21. c4 Nc7 22. Re4 Qg7 23. Rxf4 Re7 24. Rf6 Bc8 25. Nxg6 Red7 26. Ne5 Rxd4 27. Rd1 Ne8 28. Rf7 Qxe5 29. g6 hxg6 30. Rf3 Rh4 31. Qb4 c5 32. Qa5 Qd6 33. Qd2 Qh2+ 34. Kf1 Qh1+ 35. Ke2 Qxg2 36. Rg3 Re4+ 37. Re3 Qg4+ 38. Ke1 Rxe3+ 39. Qxe3 b6 40. Qh6 e5 41. f3 Qg3+ 42. Ke2 Bb7 43. Be4 Qg2+ 0-1